|
|
|
|
| LEADER |
00999nam a2200241 a 4500 |
| 001 |
GR-Antirio1047 |
| 008 |
140908s2001 nyu g 000 0 eng d |
| 020 |
|
|
|a 0195136381
|
| 040 |
|
|
|a GrPaTEI
|b gre
|c GR-PaULI
|
| 040 |
|
|
|a GrPaTEI
|b gre
|c GR-PaULI
|
| 082 |
|
0 |
|a 621.382 2
|2 21
|
| 100 |
1 |
|
|a Chen, Chi-Tsong
|
| 245 |
1 |
0 |
|a Digital signal processing :
|b spectal computation and filter design /
|c Chin-Tsong Chen.
|
| 260 |
|
|
|a New York :
|b Oxford University Press,
|c 2001
|
| 300 |
|
|
|a xvi, 440 σ.
|
| 490 |
0 |
|
|a The Oxford series in electrical and computer engineering
|
| 650 |
|
0 |
|a Signal processing
|
| 650 |
|
4 |
|a Επεξεργασία σήματος
|
| 710 |
0 |
|
|a Oxford University Press
|
| 942 |
|
|
|2 ddc
|
| 952 |
|
|
|0 0
|1 0
|2 ddc
|4 0
|6 621_368200000000000_2_CHE
|7 0
|9 262805
|a LISK-2
|b LISK-2
|c BSC
|d 2021-01-17
|e 24
|f 0
|g 0.00
|l 0
|o 621.3682 2 CHE
|p 2430000008120
|r 2021-01-17 00:00:00
|t 1
|w 2021-01-17
|y BK15
|x 20140908 0 ΧΑΣΑΝΗ 1
|x GrPaTEI - Antirrio
|
| 971 |
|
|
|a .b25708466
|b 15-04-20
|c 12-09-16
|
| 999 |
|
|
|c 151400
|d 151400
|